| 000 | 00959ngm a22003490a 4500 | ||
|---|---|---|---|
| 001 | PT53975 | ||
| 003 | AR-LpoUNG | ||
| 005 | 20210201232353.0 | ||
| 007 | co ||u|||uuuuu | ||
| 008 | 191001s2013||||sp |||||||||||||||||spa d | ||
| 020 |
_a9788483227916 _c$10 |
||
| 040 |
_aAR-LpoUNG _bspa _cAR-LpoUNG _eaacr |
||
| 041 | _aspa | ||
| 044 | _asp | ||
| 082 | 0 | _a005.1 261pro | |
| 100 | 1 | _aBarnes, David J. | |
| 245 | 1 | 0 | _aProgramación orientada a objetos Java usando BlueJ |
| 260 |
_aMadrid : _bPearson, _c2013. |
||
| 505 | 0 | _aAcompaña al impreso | |
| 650 | 4 | _aAUTOMATIZACION | |
| 650 | 4 | _aCOMPUTADORAS | |
| 650 | 4 | _aINFORMATICA | |
| 650 | 4 | _aLENGUAJES DE PROGRAMACION | |
| 650 | 4 | _aPROCESAMIENTO DE DATOS | |
| 650 | 4 | _aPROGRAMACION DE COMPUTADORAS | |
| 650 | 4 | _aPROGRAMAS DE COMPUTADORAS | |
| 651 | 4 | _aDOCUMENTOS TEORICOS O METODOLOGICOS | |
| 700 | 1 | _aKölling, Michael | |
| 700 | 1 |
_aVuelapluma _etr. |
|
| 905 | _a53975 | ||
| 942 | _cCDDVD | ||
| 999 |
_c53506 _d53506 |
||